000 00361cam a22001097a 4500
008 180718b1943 xxu||||| |||| 00| 0 eng d
082 _aQ5x42 Un3 a
245 _aBeveridge report in brief
_cby Social Insurance and Allied Services
260 _aLondon
_bHer Majesty's Stationery Office
_c1943
300 _a63p.
700 _aU.K. Social Insurance and Allied Services
999 _c418591
_d418591